| 000 | 00461nam a2200181Ia 4500 | ||
|---|---|---|---|
| 005 | 20250423100749.0 | ||
| 008 | 250422s9999 xx 000 0 und d | ||
| 020 | _a0471815551 | ||
| 050 | _aTK 5102.5 .S447/ | ||
| 100 | _aShanmugan , K. Sam | ||
| 245 | 0 | _aRandom signals: detection, estimation and data analysis | |
| 260 | _aNew York | ||
| 260 | _bJohn Wiley and Sons | ||
| 260 | _c1988 | ||
| 300 | _a664 p | ||
| 650 | _aSignal detection | ||
| 942 | _cBK | ||
| 999 |
_c34268 _d34268 |
||